Music Quiz

Random Music or Singers Quiz

Bands in Concert II Quiz Stats

 Plays Quiz Updated Jul 14, 2014

Support Sporcle.
Go Orange.
Score 0/25 Timer 07:00
0 Plays Today
% Correct
Kiss
91.9%
Bee Gees
91.7%
ZZ Top
90.3%
The Jimi Hendrix Experience
90.1%
Black Sabbath
84.3%
Green Day
78.7%
The White Stripes
76.9%
The Supremes
74.5%
Foo Fighters
72.2%
The Beach Boys
68.9%
Coldplay
67.7%
Ramones
67.1%
Devo
60.2%
% Correct
Tom Petty and the Heartbreakers
59.4%
R.E.M.
56.7%
Crosby, Stills & Nash
56.3%
The Stooges
47.6%
Cream
47.5%
Red Hot Chili Peppers
46%
Nickelback
45.8%
Public Enemy
43.3%
Motorhead
42.3%
Spinal Tap
37.4%
Radiohead
36.6%
Iron Maiden
31.5%

You're not logged in!

Compare scores with friends on all Sporcle quizzes.
OR
Log In

From the Vault

Songs by First Line II

by Chumley

Since it's the first thing you hear, it's gotta be good.
Remove Ads.
Support Sporcle.
Get the best of Sporcle when you Go Orange. This ad-free experience offers more features, more stats, and more fun while also helping to support Sporcle. Thank you for becoming a member.

Show Comments

Extras

Top Quizzes Today


Score Distribution

Your Account Isn't Verified!

In order to create a playlist on Sporcle, you need to verify the email address you used during registration. Go to your Sporcle Settings to finish the process.

Report this User

Report this user for behavior that violates our Community Guidelines.

Details: